Role of Congress in the Department of Defense Reorganization Act of 1958.

Examines the legislative history of and principal legislative issues raised by the Department of Defense Reorganization Act of 1958. Discusses the control over the combat functions of the Armed Forces, congressional access to information, and the authority of the Secretary of Defense and his assista...

Full description

Bibliographic Details
Corporate Authors: Library of Congress. Congressional Research Service, ProQuest (Firm)
Format: eBook
Language:English
Published: [Place of publication not identified] : [publisher not identified], 1975.
Series:U.S. Congressional Research.
Subjects:
Online Access:Connect to the full text of this electronic book

MARC

Tag First Indicator Second Indicator Subfields
LEADER 00000cam a22000001a 4500
001 in00003361321
006 m d f
007 cr bn mmmapmmp
008 100607s1975 dcu o f000 0 eng d
005 20260429203348.5
035 |a cis2007875025 
040 |a ProQuest  |c ProQuest  |d UtOrBLW 
043 |a n-us--- 
099 |a CRS-1975-FAF-0002 
110 2 |a Library of Congress.  |b Congressional Research Service. 
245 1 0 |a Role of Congress in the Department of Defense Reorganization Act of 1958. 
264 1 |a [Place of publication not identified] :  |b [publisher not identified],  |c 1975. 
300 |a 1 online resource. 
336 |a text  |b txt  |2 rdacontent 
337 |a computer  |b c  |2 rdamedia 
338 |a online resource  |b cr  |2 rdacarrier 
500 |a Record is based on bibliographic data in ProQuest U.S. Congressional Research Digital Collection (last viewed June 2010). Reuse except for individual research requires license from ProQuest, LLC. 
500 |a CRS Report. 
520 |a Examines the legislative history of and principal legislative issues raised by the Department of Defense Reorganization Act of 1958. Discusses the control over the combat functions of the Armed Forces, congressional access to information, and the authority of the Secretary of Defense and his assistants. Includes texts of the Act and of H.R. 11958 in the 85th Congress. 
500 |a Electronic resource. 
650 0 |a Armed Forces. 
650 0 |a Executive-legislative relations. 
650 0 |a Government information. 
655 7 |a Electronic books.  |2 local 
710 2 |a ProQuest (Firm) 
776 0 8 |i Microfiche version:   |a Library of Congress. Congressional Research Service.  |t Role of Congress in the Department of Defense Reorganization Act of 1958 
830 0 |a U.S. Congressional Research. 
856 4 0 |u http://proxy.library.tamu.edu/login?url=https://congressional.proquest.com/congcomp/getdoc?CRDC-ID=CRS-1975-FAF-0002  |z Connect to the full text of this electronic book  |t 0 
999 |a MARS 
999 f f |s fd0b5bf0-f303-3025-a7e2-89ecde853f3c  |i 2e7923e1-9ce0-3bfa-b915-3c39d3b7d069  |t 0 
952 f f |a Texas A&M University  |b College Station  |c Electronic Resources  |s www_evans  |d Available Online  |t 0  |e CRS-1975-FAF-0002  |h Other scheme 
998 f f |a CRS-1975-FAF-0002  |t 0  |l Available Online